000 00594nam a22001937a 4500
005 20250110120708.0
008 250110b |||||||| |||| 00| 0 eng d
020 _a9780395390597
050 _aHF5351 BRO
100 _aBrown Betty J.
245 _aOur Business and Economic World
_cBetty J. Brown & John E. Clow
250 _a2nd Ed.
260 _aIllinois
_bGlencoe Division of Macmillan/McGraw-Hill Publishing Company
_c1989
300 _ax. 662p.
_bill. col.
_c24 cm x 19.5 cm
500 _aIncludes Index
650 _2Economics
700 _aClow John E.
942 _2lcc
_cBK
_e2nd Ed.
_n0
999 _c2500
_d2500